000 00464nam a2200205Ia 4500
001 14396
003 GE_BSU
008 181216s||||||||xx |||||||||||||| ||und||
020 _a0706438388
040 _cGE_BSU
080 _a641
100 _aGodfrey,Wendy
245 4 _aThe Kit Chen Library Entertaining
260 _aLondon
260 _bOctopus Books
260 _c1982
300 _a94p.21cm.
653 _aThe Kit Chen Library Entertaining
942 _cBK
999 _c47532
_d47532